Implementing digital reference : Setting standards and making it real

שמור ב:
מידע ביבליוגרפי
פורמט: ספר
שפה:Undetermined
יצא לאור: New York Neal-Schuman 2001
נושאים:
תגים: הוספת תג
אין תגיות, היה/י הראשונ/ה לתייג את הרשומה!
Thư viện lưu trữ: Trung tâm Học liệu Trường Đại học Cần Thơ
LEADER 00714nam a2200217Ia 4500
001 CTU_135613
008 210402s9999 xx 000 0 und d
020 |c 75 
082 |a 025.524 
082 |b I.34 
245 0 |a Implementing digital reference : 
245 0 |b Setting standards and making it real 
245 0 |c Edited by R. David Lankes ... [et al.]. 
260 |a New York 
260 |b Neal-Schuman 
260 |c 2001 
650 |a Electronic reference services,Electronic reference services,Electronic reference services 
650 |x Management,Evaluation 
650 |z United States,United States,United States 
904 |i Bạch Trúc 
980 |a Trung tâm Học liệu Trường Đại học Cần Thơ